The briefcase : Starter level

Saved in:
Bibliographic Details
Main Author: Colbourn, Stephen
Format: Book
Language:English
Published: Oxford : Heinemann, 1992
Subjects:
Tags: Add Tag
No Tags, Be the first to tag this record!

MARC

LEADER 00000nam a2200000 i 4500
001 1/23153
008 950315s1992 eng d
020 |a 0-435-27158-X 
035 |l 10022030 
040 |a GR-MY-UA  |b gre  |e aacr 
041 0 |a eng 
082 0 |a 428.64 
100 1 |a Colbourn, Stephen. 
245 1 4 |a The briefcase :  |b Starter level /  |c Stephen Colbourn 
260 |a Oxford :   |b Heinemann,   |c 1992 
650 0 0 |a English language  |x Readers. 
852 |a INST  |b CHIOS  |e 19950315  |h 428.64 COL  |p 005200003941  |q 005200003941  |t BK  |y 0 
909 |a Χ  |b 037447